Alexander, que era rico el domingo pasado / (Record no. 29745)

MARC details
000 -LEADER
fixed length control field 02377cam a2200529Ii 4500
001 - CONTROL NUMBER
control field sjds2125255
003 - CONTROL NUMBER IDENTIFIER
control field sjds
005 - DATE AND TIME OF LATEST TRANSACTION
control field 20240504175535.0
008 - FIXED-LENGTH DATA ELEMENTS--GENERAL INFORMATION
fixed length control field 890601s1989 nyua j 000 1 spa
010 ## - LIBRARY OF CONGRESS CONTROL NUMBER
LC control number 89035439
020 ## - INTERNATIONAL STANDARD BOOK NUMBER
International Standard Book Number 0689713517 (paperback)
020 ## - INTERNATIONAL STANDARD BOOK NUMBER
International Standard Book Number 9780689713514 (paperback)
035 ## - SYSTEM CONTROL NUMBER
System control number (OCoLC)19975864
Canceled/invalid control number (OCoLC)37788327
-- (OCoLC)731486690
035 ## - SYSTEM CONTROL NUMBER
System control number (OCoLC)ocm19975864
035 ## - SYSTEM CONTROL NUMBER
System control number 1125913
035 ## - SYSTEM CONTROL NUMBER
System control number 1125913
040 ## - CATALOGING SOURCE
Original cataloging agency DLC
Language of cataloging eng
Description conventions rda
Transcribing agency DLC
Modifying agency TEF
-- BAKER
-- BTCTA
-- YDXCP
-- YU6
-- NCL
-- ZGH
-- TXBXL
-- OCLCQ
-- OCLCO
-- OCLCQ
-- BDX
-- IFA
041 1# - LANGUAGE CODE
Language code of text/sound track or separate title spa
Language code of original eng
042 ## - AUTHENTICATION CODE
Authentication code lcac
049 ## - LOCAL HOLDINGS (OCLC)
Holding library IFAA
099 ## - LOCAL FREE-TEXT CALL NUMBER (OCLC)
Filing suffix 1989
100 1# - MAIN ENTRY--PERSONAL NAME
Personal name Viorst, Judith,
Relator term author.
240 10 - UNIFORM TITLE
Uniform title <a href="Alexander, who used to be rich last Sunday.">Alexander, who used to be rich last Sunday.</a>
Language of a work Spanish
245 10 - TITLE STATEMENT
Title Alexander, que era rico el domingo pasado /
Statement of responsibility, etc. Judith Viorst ; ilustrado por Ray Cruz ; traducido por Alma Flor Ada.
250 ## - EDITION STATEMENT
Edition statement First Aladdin Paperbacks/Libros Colibri edition.
260 ## - PUBLICATION, DISTRIBUTION, ETC. (IMPRINT)
Place of publication, distribution, etc. Nueva York :
Name of publisher, distributor, etc. Atheneum Books for Young Readers,
Date of publication, distribution, etc. 1989.
264 #1 - PRODUCTION, PUBLICATION, DISTRIBUTION, MANUFACTURE, AND COPYRIGHT NOTICE
Place of production, publication, distribution, manufacture Nueva York :
Name of producer, publisher, distributor, manufacturer Atheneum Books for Young Readers,
Date of production, publication, distribution, manufacture, or copyright notice 1989.
300 ## - PHYSICAL DESCRIPTION
Extent 32 unnumbered pages :
Other physical details illustrations ;
Dimensions 19 x 25 cm
336 ## - CONTENT TYPE
Content type term text
Content type code txt
Source rdacontent
337 ## - MEDIA TYPE
Media type term unmediated
Media type code n
Source rdamedia
338 ## - CARRIER TYPE
Carrier type term volume
Carrier type code nc
Source rdacarrier
500 ## - GENERAL NOTE
General note Translation of: Alexander, who used to be rich last Sunday.
520 ## - SUMMARY, ETC.
Summary, etc. "El domingo pasado, los abuelitos de Alexander le dieron un dólar. �Era rico! �Había tantas cosas que podía hacer con todo ese dinero! Podía comprarse todos los chicles que deseaba, o quizás un radiotrasmisor, si ahorrara suficiente dinero. Pero, de alguna manera, el dinero empezó a desaparecer..."--Page 4 of cover.
520 ## - SUMMARY, ETC.
Summary, etc. Although Alexander and his money are quickly parted, he comes to realize all the things that can be done with a dollar.
521 1# - TARGET AUDIENCE NOTE
Target audience note 005-009.
526 0# - STUDY PROGRAM INFORMATION NOTE
Program name Accelerated Reader AR
Interest level LG
Reading level 3.4
Title point value 0.5
Public note 7301.
546 ## - LANGUAGE NOTE
Language note Text in Spanish.
650 #0 - SUBJECT ADDED ENTRY--TOPICAL TERM
Topical term or geographic name as entry element Finance, Personal
Form subdivision Juvenile fiction.
650 #0 - SUBJECT ADDED ENTRY--TOPICAL TERM
Topical term or geographic name as entry element Boys
Form subdivision Juvenile fiction.
650 #0 - SUBJECT ADDED ENTRY--TOPICAL TERM
Topical term or geographic name as entry element Humorous stories
Form subdivision Juvenile literature.
650 #7 - SUBJECT ADDED ENTRY--TOPICAL TERM
Topical term or geographic name as entry element Finanzas personales
Form subdivision Novela juvenil.
Source of heading or term bidex
650 #7 - SUBJECT ADDED ENTRY--TOPICAL TERM
Topical term or geographic name as entry element Muchachos
Form subdivision Novela juvenil.
Source of heading or term bidex
650 #7 - SUBJECT ADDED ENTRY--TOPICAL TERM
Topical term or geographic name as entry element Cuentos humorosos
Form subdivision Literatura juvenil.
Source of heading or term bidex
700 1# - ADDED ENTRY--PERSONAL NAME
Personal name Cruz, Ray,
Relator term illustrator.
700 1# - ADDED ENTRY--PERSONAL NAME
Personal name Ada, Alma Flor,
Relator term translator.
942 ## - ADDED ENTRY ELEMENTS (KOHA)
Koha item type Libro/Book
Holdings
Withdrawn status Lost status Damaged status Not for loan Home library Current library Date acquired Inventory number Total Checkouts Barcode Date last seen Price effective from Koha item type Full call number Date checked out
        Capulin -- Satellite Capulin -- Satellite 10/05/2016 Inventory date: 7/7/25   35100044 10/05/2016 10/05/2016 Libro/Book    
        San Juan Del Sur -- Mobile San Juan Del Sur -- Mobile 30/04/2024 Inventory date: 10-2-25 2 33014968 07/11/2024 30/04/2024 Libro/Book JI 30/10/2024

Powered by Koha